<?xml version="1.0" encoding="UTF-8"?>
<record
    xmlns:xsi="http://www.w3.org/2001/XMLSchema-instance"
    xsi:schemaLocation="http://www.loc.gov/MARC21/slim http://www.loc.gov/standards/marcxml/schema/MARC21slim.xsd"
    xmlns="http://www.loc.gov/MARC21/slim">

  <leader>01109nam0a2200325 i 4500</leader>
  <controlfield tag="001">RU\NLR\BIBL_A\011091709</controlfield>
  <controlfield tag="005">20240727010811.0</controlfield>
  <datafield tag="010" ind1=" " ind2=" ">
    <subfield code="a">9785367037272</subfield>
    <subfield code="9">7042</subfield>
  </datafield>
  <datafield tag="021" ind1=" " ind2=" ">
    <subfield code="a">RU</subfield>
    <subfield code="b">2016-19286</subfield>
    <subfield code="9">1234</subfield>
  </datafield>
  <datafield tag="035" ind1=" " ind2=" ">
    <subfield code="a">(NILC)RuMoRGB-008243432</subfield>
  </datafield>
  <datafield tag="035" ind1=" " ind2=" ">
    <subfield code="a">(NLR Aleph) 011091709</subfield>
  </datafield>
  <datafield tag="090" ind1=" " ind2=" ">
    <subfield code="a">11371365</subfield>
    <subfield code="c">11371365</subfield>
  </datafield>
  <datafield tag="100" ind1=" " ind2=" ">
    <subfield code="a">20160331d2016    u  y0rusy50      ca</subfield>
  </datafield>
  <datafield tag="101" ind1="1" ind2=" ">
    <subfield code="a">rus</subfield>
    <subfield code="c">bul</subfield>
  </datafield>
  <datafield tag="102" ind1=" " ind2=" ">
    <subfield code="a">RU</subfield>
  </datafield>
  <datafield tag="105" ind1=" " ind2=" ">
    <subfield code="a">y|||z|||000  </subfield>
  </datafield>
  <datafield tag="200" ind1="1" ind2=" ">
    <subfield code="a">&#x422;&#x430;&#x439;&#x444;&#x443;&#x43D;&#x44B; &#x441; &#x43B;&#x430;&#x441;&#x43A;&#x43E;&#x432;&#x44B;&#x43C;&#x438; &#x438;&#x43C;&#x435;&#x43D;&#x430;&#x43C;&#x438;</subfield>
    <subfield code="f">&#x411;&#x43E;&#x433;&#x43E;&#x43C;&#x438;&#x43B; &#x420;&#x430;&#x439;&#x43D;&#x43E;&#x432;</subfield>
    <subfield code="g">[&#x43F;&#x435;&#x440;. &#x441; &#x431;&#x43E;&#x43B;&#x433;. &#x410;. &#x421;. &#x421;&#x43E;&#x431;&#x43A;&#x43E;&#x432;&#x438;&#x447;&#x430;]</subfield>
  </datafield>
  <datafield tag="210" ind1=" " ind2=" ">
    <subfield code="a">&#x421;&#x430;&#x43D;&#x43A;&#x442;-&#x41F;&#x435;&#x442;&#x435;&#x440;&#x431;&#x443;&#x440;&#x433;</subfield>
    <subfield code="c">&#x410;&#x43C;&#x444;&#x43E;&#x440;&#x430;</subfield>
    <subfield code="d">2016</subfield>
  </datafield>
  <datafield tag="215" ind1=" " ind2=" ">
    <subfield code="a">350, [1] &#x441;.</subfield>
    <subfield code="d">21</subfield>
  </datafield>
  <datafield tag="225" ind1="1" ind2=" ">
    <subfield code="a">&#x420;&#x430;&#x437;&#x432;&#x435;&#x434;&#x447;&#x438;&#x43A;&#x438; &#x438; &#x448;&#x43F;&#x438;&#x43E;&#x43D;&#x44B;</subfield>
    <subfield code="i">&#x42D;&#x43C;&#x438;&#x43B;&#x44C; &#x411;&#x43E;&#x435;&#x432;</subfield>
    <subfield code="e">&#x435;&#x436;&#x435;&#x43D;&#x435;&#x434;&#x435;&#x43B;&#x44C;&#x43D;&#x43E;&#x435; &#x438;&#x437;&#x434;&#x430;&#x43D;&#x438;&#x435;</subfield>
  </datafield>
  <datafield tag="333" ind1=" " ind2=" ">
    <subfield code="a">12+</subfield>
  </datafield>
  <datafield tag="675" ind1=" " ind2=" ">
    <subfield code="a">821.163.2</subfield>
  </datafield>
  <datafield tag="686" ind1="1" ind2=" ">
    <subfield code="a">&#x428;6(4&#x411;&#x43B;)77-440.4{&#x41B;&#x445;1119-50}</subfield>
  </datafield>
  <datafield tag="700" ind1=" " ind2="1">
    <subfield code="a">&#x420;&#x430;&#x439;&#x43D;&#x43E;&#x432;</subfield>
    <subfield code="b">&#x411;.</subfield>
    <subfield code="f">1919-2007</subfield>
    <subfield code="g">&#x411;&#x43E;&#x433;&#x43E;&#x43C;&#x438;&#x43B;</subfield>
  </datafield>
  <datafield tag="801" ind1=" " ind2="0">
    <subfield code="a">RU</subfield>
    <subfield code="b">&#x420;&#x413;&#x411;</subfield>
    <subfield code="c">20160314</subfield>
    <subfield code="g">RCR</subfield>
  </datafield>
  <datafield tag="942" ind1=" " ind2=" ">
    <subfield code="c">BOOK</subfield>
  </datafield>
  <datafield tag="980" ind1=" " ind2=" ">
    <subfield code="a">NBR</subfield>
  </datafield>
</record>
